000 01609nam1a2200373 4500
001 RU\NLR\BIBL_A\022681632
005 20260406100120.0
035 _a(NLR Aleph) 022681632
090 _a13533454
_c13533454
100 _a20260129 rusy50
101 0 _arus
102 _aRU
105 _a t
181 0 _ab3
_bbb2e
181 0 _ai1
_baxxe
182 0 _an
200 1 _aЗайчик 2
_e[комикс
_eрасширение вселенной рассказа "Зайчик"]
_fавтор сценария Urchata при участии Дмитрия Мордаса
_gглавный художник скетча и лайна: Robin
203 _aИзображение
_aТекст
_bвизуальные
_cнепосредственные
210 _aМосква
_cЭксмо
_d2025-
215 _d27
225 1 _aСерия "Хиты российских вебтунов"
300 _aВ вып. дан. авт.: Urchata, Дмитрий Мордас
333 _a16+
488 0 _12001#$aЗайчик$eрассказ$fДмитрий Мордас
_1700#1$aМордас$bД. С.$gДмитрий Сергеевич
_tЗайчик
_aМордас, Дмитрий Сергеевич
686 0 _aЩ153(2Р=Рус)8-475
686 2 _aШ6(2=Р)8-499
702 0 _4690
_7zz
_8und
_aUrchata
_cпсевдоним
_3RU\NLR\AUTH\770288573
_92692639
702 0 _4040
_7ba
_8und
_aRobin
_cпсевдоним
_3RU\NLR\AUTH\770288576
_92692642
852 _aNLR
_j2025-7/7522
942 _cBOOK
980 _aNB